| 000 | 00664nam a22001337a 4500 | ||
|---|---|---|---|
| 040 | _cRUA | ||
| 082 | _aAVM HOK 2010 B091 Or.1 | ||
| 100 | _aHOK, PHALLY. | ||
| 245 | _aEffect of stylosanthes substitute soybean on digstiblity of crossbred pig, ឥទ្ធិពលនៃការជំនួសសណ្តែកសៀងដោយស្តាយឡូទៅលើភាពរលាយអាហាររបស់ជ្រូកកូនកាត់ក្នុងស្រុក. | ||
| 260 |
_aphnom phen _bRUA _c2010 |
||
| 300 |
_aIX,38p. _bill. _c29cm. |
||
| 856 | _uhttps://drive.google.com/file/d/1Ay5UNtJJEt4ydpoUxf5l_dGXYaFj8w-V/view?usp=sharing | ||
| 942 | _cAVM | ||
| 999 |
_c2417 _d2417 |
||